| 000 -LEADER |
| fixed length control field |
00667cam a22002057a 4500 |
| 008 - FIXED-LENGTH DATA ELEMENTS--GENERAL INFORMATION |
| fixed length control field |
180718b2014 xxu||||| |||| 00| 0 eng d |
| 020 ## - INTERNATIONAL STANDARD BOOK NUMBER |
| International Standard Book Number |
9780230396371 |
| 082 ## - DEWEY DECIMAL CLASSIFICATION NUMBER |
| Classification number |
T19x51 H86 |
| 245 ## - TITLE STATEMENT |
| Title |
China, India and the end of development models |
| Statement of responsibility, etc. |
edited by Xiaoming Huang, Alex C. Tan and Sekhar Bandopadhya |
| 260 ## - PUBLICATION, DISTRIBUTION, ETC. |
| Place of publication, distribution, etc. |
London |
| Name of publisher, distributor, etc. |
Palgrave |
| Date of publication, distribution, etc. |
2014 |
| 300 ## - PHYSICAL DESCRIPTION |
| Extent |
294p. |
| 650 ## - SUBJECT ADDED ENTRY--TOPICAL TERM |
| Topical term or geographic name entry element |
|
| 650 ## - SUBJECT ADDED ENTRY--TOPICAL TERM |
| Topical term or geographic name entry element |
India -- Economic conditions -- 1991- |
| 650 ## - SUBJECT ADDED ENTRY--TOPICAL TERM |
| Topical term or geographic name entry element |
China -- Economic conditions -- 2000- |
| 650 ## - SUBJECT ADDED ENTRY--TOPICAL TERM |
| Topical term or geographic name entry element |
Economic development -- India |
| 650 ## - SUBJECT ADDED ENTRY--TOPICAL TERM |
| Topical term or geographic name entry element |
Economic development -- China |
| 700 ## - ADDED ENTRY--PERSONAL NAME |
| Personal name |
Bandopadhyay, Sekhar |
| 700 ## - ADDED ENTRY--PERSONAL NAME |
| Personal name |
Tan, Alex C. |
| 700 ## - ADDED ENTRY--PERSONAL NAME |
| Personal name |
Huang, Xiaoming |